[Event "EICC 2017"]
[Site "Minsk"]
[Date "2017.06.07"]
[Round "8"]
[White "Forcen Esteban, Daniel"]
[Black "Lysyj, Igor"]
[Result "1-0"]
[WhiteElo "2545"]
[BlackElo "2643"]
[Annotator "TA"]
[PlyCount "71"]
[EventDate "2017.??.??"]
[EventCountry "BLR"]
[SourceTitle "playchess.com"]
[Source "ChessBase"]
[SourceQuality "1"]

{[%evp 21,71,13,25,0,29,-8,61,47,73,11,11,16,16,18,16,11,64,61,70,85,79,62,77,0,19,0,0,0,0,0,0,0,-40,-45,0,0,0,0,0,0,0,0,0,0,237,218,311,233,948,949,922,891]} 1. e4 e6 2. d4 d5 3. Nc3 Nf6 4. e5 Nfd7 5. f4 c5 6. Nf3 Nc6 7. Be3 Be7 8. Qd2 O-O 9. dxc5 Nxc5 {C11: French: Classical System: 4 e5 and 4 Bg5 dxe4} 10. O-O-O a6 11. Kb1 b5 {LiveBook: 5 Games. The position is equal.} 12. Bxc5 Bxc5 13. h4 $146 ({Predecessor:} 13. Bd3 h6 14. g4 f6 15. Qg2 fxe5 16. fxe5 Nd4 17. Nxd4 Bxd4 {1-0 (51) Areshchenko,A (2665)-Sengupta,D (2571) Abu Dhabi 2016}) 13... f6 (13... Qb6 $11) 14. exf6 $14 gxf6 {[#]} 15. f5 $1 {[%mdl 512]} d4 $11 (15... exf5 16. Nxd5) 16. Ne4 Bb4 17. Qh6 exf5 18. Ng3 Qe8 (18... Bd6 $11 19. Ne2 (19. Nh5 Qe7 $11) 19... d3 20. Rxd3 Qe7) 19. Bd3 $1 $14 Qg6 20. Qf4 {[%cal Rg3f5]} Qg4 {[#]} 21. Qc7 $1 {[%cal Rc7c6]} Ne5 $1 22. Nxe5 ({White should play} 22. a3 $16) 22... Qxg3 $11 23. Qc6 (23. Rh3 $11 Qg7 24. Qxg7+ Kxg7 25. Nc6) 23... fxe5 $15 24. Qxa8 Qg7 {White must now prevent ...Bb7.} 25. Qd5+ Kh8 26. Rhf1 Qe7 27. g3 Bb7 {[%mdl 1024] Black has compensation.} 28. Qb3 e4 {aiming for ...Bd6.} 29. Be2 Bc5 {Strongly threatening ...Qd6.} 30. a4 Bc6 (30... Qd6 $5 {[%cal Rb7d5]} 31. axb5 axb5 $11) 31. axb5 axb5 32. Bxb5 Rb8 $2 (32... Bxb5 $11 {and Black is okay.} 33. Qxb5 Qa7) 33. Rxf5 $18 (33. c4 $2 e3 $19) 33... Rxb5 {[#]} (33... Bxb5 $142 34. Qd5 (34. c4 $2 e3 $19) 34... d3) 34. Qc4 $1 Qb7 $2 (34... h6) 35. b3 ({Not} 35. Rxc5 Rxb2+ 36. Kc1 Rb4 $11) 35... Qe7 36. Rg5 {Precision: White = 70%, Black = 44%.} 1-0

[Event "EICC 2017"]
[Site "Minsk"]
[Date "2017.06.07"]
[Round "8"]
[White "Baron, Tal"]
[Black "Podolchenko, Evgeniy"]
[Result "0-1"]
[WhiteElo "2540"]
[BlackElo "2398"]
[Annotator "TA"]
[PlyCount "114"]
[EventDate "2017.??.??"]
[EventCountry "BLR"]
[SourceTitle "playchess.com"]
[Source "ChessBase"]
[SourceQuality "1"]

{[%evp 22,114,25,0,22,35,48,52,42,38,51,33,39,31,31,38,33,33,47,41,44,48,64,37,31,26,22,15,34,17,36,11,42,29,55,14,23,0,0,-11,-14,-18,-24,-31,0,-7,0,-50,-4,-19,-4,-34,-39,-58,-53,-53,-49,-93,-94,-133,-76,-82,-30,-29,-37,-103,-100,-95,-87,-150,-122,-177,-172,-341,-339,-334,-337,-327,-321,-344,-345,-342,-345,-333,-256,-312,-265,-191,-182,-12838,-12839,-12839,-204,-12840,-12840]} 1. e4 e6 2. d4 d5 3. Nc3 Bb4 4. e5 c5 5. a3 Bxc3+ 6. bxc3 Qa5 7. Bd2 Qa4 8. Qg4 Kf8 9. Nf3 {C18: French: 3 Nc3 Bb4: Main line: 7 h4 and 7 Qg4} Nc6 (9... b6 10. c4 Ne7 11. Bd3 dxc4 12. dxc5 bxc5 13. Ng5 h6 14. Nh7+ Rxh7 15. Bxh7 Bb7 16. O-O Nbc6 {1-0 (29) Caruana,F (2817)-Naroditsky,D (2646) Saint Louis 2017}) 10. Be2 Qxc2 11. dxc5 Nge7 12. Qf4 {LiveBook: 4 Games} Ng6 13. Qe3 Qe4 14. Qxe4 dxe4 15. Ng5 {[%cal Bf3g5,Bg5e4,Be4d6][%mdl 32]} Ncxe5 16. Nxe4 Bd7 {[#]} 17. O-O $146 Bc6 18. Nd6 Nd7 19. Be3 b6 20. cxb6 axb6 21. Nc4 Ke7 $1 22. Rfb1 ({But not} 22. Nxb6 Nxb6 23. Bxb6 Nf4 $15) 22... b5 23. Nd2 Rhb8 24. h4 f6 25. Rb4 Ra4 26. g3 Rba8 27. Rxa4 Rxa4 28. Bd1 Ra8 29. h5 Nge5 30. Be2 g5 31. hxg6 hxg6 32. f4 Rh8 {[#] Strongly threatening ...Rh1+.} 33. Kf1 $132 {[%mdl 2048] White is not keeping still} Nf7 34. Nf3 Rh1+ 35. Bg1 $1 Nd6 36. Re1 (36. Nd4 $5 {[%cal Rd4c6]} Bb7 37. Bxb5 $15) 36... Bd5 37. g4 Rh3 38. Kg2 Rh8 39. Bd3 Ra8 40. Ra1 Ra4 (40... e5 $142 {And now ...e4 would win.} 41. fxe5 Nxe5) 41. Kg3 Ne4+ (41... Bxf3 $17 42. Kxf3 e5 43. Bxg6 Rxf4+ 44. Kg3 Rc4) 42. Bxe4 $1 $11 Rxe4 43. Bd4 (43. g5 $15) 43... e5 $17 44. fxe5 fxe5 45. Ba7 ({Better is} 45. Ng5 Re2 46. Bf2) 45... Nf6 46. Bc5+ (46. Kh3 $17) 46... Kd7 $19 47. Rf1 $2 (47. Kh3) 47... Rxg4+ 48. Kh3 {[#]} Bxf3 $1 49. Rxf3 {[%mdl 4096] Endgame KRB-KRN} Rf4 50. Rd3+ Ke6 51. Rd6+ Kf5 {aiming for ...Ne4.} 52. Rb6 Rf3+ 53. Kg2 Rxc3 54. Rxb5 Rc2+ 55. Kf3 $2 (55. Kg1) 55... e4+ 56. Ke3 Nd5+ 57. Kd4 Nc7 {Precision: White = 34%, Black = 76%.} 0-1

[Event "EICC 2017"]
[Site "Minsk"]
[Date "2017.06.07"]
[Round "8"]
[White "Alonso Rosell, Alvar"]
[Black "Alekseev, Evgeny"]
[Result "1/2-1/2"]
[WhiteElo "2536"]
[BlackElo "2610"]
[Annotator "TA"]
[PlyCount "41"]
[EventDate "2017.??.??"]
[EventCountry "BLR"]
[SourceTitle "playchess.com"]
[Source "ChessBase"]
[SourceQuality "1"]

{[%evp 13,41,27,35,22,29,20,33,0,6,0,4,-22,34,39,31,0,35,13,25,27,30,26,33,33,32,30,56,33,48,47]} 1. d4 e6 2. c4 b6 3. e4 Bb7 4. Bd3 Nc6 5. Nf3 Nb4 6. O-O {A40: Unusual replies to 1 d4} Nxd3 (6... g6 7. Nc3 Nxd3 8. Qxd3 Bg7 9. d5 Nf6 10. Bg5 h6 11. Bh4 g5 12. Bg3 Nh5 13. Rad1 Nxg3 14. fxg3 {1-0 (37) Caruana,F (2787)-Nakamura,H (2793) Saint Louis 2015}) 7. Qxd3 Ne7 {LiveBook: 6 Games} 8. d5 Ng6 9. Nc3 Be7 10. Nd4 $146 ({Predecessor:} 10. Be3 O-O 11. Rad1 e5 12. Ne2 d6 13. Ng3 Bc8 {½-½ (24) Ruzele,D (2520)-Kengis,E (2560) Bonn 1996}) 10... O-O 11. Be3 c6 12. Nf3 d6 (12... cxd5 $11 13. exd5 f5) 13. dxc6 $14 Bxc6 14. Rfd1 Qc8 15. Rac1 Qb7 16. Nd4 Ne5 17. Qc2 Bd7 18. Qe2 Rfc8 19. b3 a6 20. a4 Bf8 21. f3 {Precision: White = 47%, Black = 44%.} 1/2-1/2

[Event "EICC 2017"]
[Site "Minsk"]
[Date "2017.06.07"]
[Round "8"]
[White "Bernadskiy, Vitaliy"]
[Black "Kanakova, Natalie"]
[Result "1-0"]
[WhiteElo "2533"]
[BlackElo "2180"]
[Annotator "TA"]
[PlyCount "61"]
[EventDate "2017.??.??"]
[EventCountry "BLR"]
[SourceTitle "playchess.com"]
[Source "ChessBase"]
[SourceQuality "1"]

{[%evp 9,61,21,37,-18,16,12,47,36,47,36,42,38,41,16,22,8,53,53,77,16,95,80,90,73,73,77,133,31,272,277,339,197,255,146,136,152,161,134,422,428,403,418,395,374,480,470,650,633,651,645,886,766,29986,29987]} 1. b3 d5 2. Bb2 Bg4 3. f3 Bh5 4. e3 (4. Nh3 e6 5. c4 Nf6 6. cxd5 exd5 7. e3 Bd6 8. Be2 Bg6 9. Na3 c6 10. O-O O-O 11. f4 Bf5 {0-1 (54) Vachier Lagrave,M (2762)-Sargissian,G (2686) Dubai 2014}) 4... e6 $146 ({Predecessor:} 4... Nd7 5. d4 e6 6. Qd2 Bg6 7. Ne2 Ngf6 8. g4 Bd6 9. h4 h6 10. Nbc3 c6 11. O-O-O Qc7 {½-½ (79) Aravindh,C (2444)-Debashis,D (2484) Glasgow 2014}) 5. Ne2 Nf6 6. d4 {A01: Nimzowitsch-Larsen Opening} (6. g4 $14) 6... Bd6 7. Nbc3 Nbd7 8. Qd2 {White is slightly better.} Bg6 9. O-O-O c6 10. g4 h6 11. Nf4 Bh7 12. h4 Qc7 (12... h5 $5) 13. g5 Ng8 14. Nh5 (14. Nce2 $16) 14... Bf8 (14... O-O-O $11 {keeps the balance.}) 15. e4 O-O-O 16. Bd3 Ne7 17. Kb1 e5 ({Better is} 17... Kb8) 18. gxh6 (18. exd5 $16 {aiming for dxe5.} hxg5 19. hxg5 (19. Qxg5 Bxd3 20. Rxd3 exd4 $11) 19... exd4 20. Nf4 dxc3 21. Bxc3) 18... gxh6 $2 (18... g6 $14) 19. exd5 $18 {And now dxe5 would win.} Bg6 20. dxc6 (20. dxe5 $142 Bxh5 21. d6) 20... Nxc6 (20... bxc6 {keeps fighting.} 21. Bxg6 fxg6) 21. Nb5 (21. d5 $18 Nd4 {[#]} 22. Nf4 $1 {[%mdl 512]}) 21... Qb6 $16 22. Ng3 Bb4 23. Qe2 {[#] Threatens to win with Bxg6.} Nxd4 $2 {[%mdl 8192]} (23... Bxd3 $16 24. Qxd3 a6) 24. Nxd4 $18 exd4 25. Bxg6 Qxg6 26. Qc4+ Bc5 {...b5 would now be nice for Black.} 27. Ne4 b6 28. Bxd4 Rhe8 29. b4 {[%cal Bb3b4,Bb4c5,Bc5b6][%mdl 32]} f5 30. bxc5 fxe4 31. cxb6+ {Precision: White = 48%, Black = 33%.} 1-0

[Event "EICC 2017"]
[Site "Minsk"]
[Date "2017.06.07"]
[Round "8"]
[White "Sanal, Vahap"]
[Black "Popov, Ivan"]
[Result "0-1"]
[WhiteElo "2533"]
[BlackElo "2618"]
[Annotator "TA"]
[PlyCount "64"]
[EventDate "2017.??.??"]
[EventCountry "BLR"]
[SourceTitle "playchess.com"]
[Source "ChessBase"]
[SourceQuality "1"]

{[%evp 9,64,-8,-8,-8,-8,-6,-1,-17,11,6,10,-1,45,-37,-41,-56,-66,-77,-58,-86,-74,-87,-87,-137,-116,-202,-166,-209,-204,-266,-266,-268,-275,-269,-269,-292,-280,-295,-279,-292,-288,-272,-286,-294,-285,-454,-467,-702,-699,-750,-730,-660,-572,-919,-893,-1252,-1236]} 1. Nf3 d5 2. c4 d4 3. g3 g6 (3... Nc6 4. Bg2 e5 5. O-O a5 6. e3 Nf6 7. exd4 exd4 8. d3 Be7 9. Na3 Nd7 10. Nb5 Nc5 11. Re1 O-O 12. Bf4 Ne6 13. Rxe6 Bxe6 14. Nxc7 {½-½ (31) Zherebukh,Y (2632)-Xiong,J (2652) Saint Louis 2017}) 4. Bg2 Bg7 5. e3 dxe3 6. fxe3 {A09: Réti Opening: 1 Nf3 d5 2 c4} e5 $146 ({Predecessor:} 6... Nf6 7. Nc3 O-O 8. O-O c5 9. Na4 Qc7 10. b3 {½-½ (60) Giffard,N (2395)-Ekstroem,R (2490) France 1998}) 7. Nc3 f5 8. d3 {The position is equal.} Ne7 9. O-O O-O 10. e4 h6 11. Be3 ({White should play} 11. exf5 $1 $14 Bxf5 12. Nh4) 11... f4 $1 $15 {[%cal Rf4e3]} 12. gxf4 exf4 13. Bc5 Nd7 14. Ba3 g5 15. h3 c5 16. Nb5 Nc6 17. Nd6 (17. Kh1 $17) 17... Nde5 $19 18. Nxc8 Nxf3+ (18... Rxc8 19. Bxc5 Rf7 20. Bf2) (18... Nxd3 19. Ne7+ Nxe7 20. Qb3 $17) 19. Qxf3 Bd4+ (19... Rxc8 20. e5 $17) 20. Kh1 Ne5 ({Resist} 20... Rxc8 21. e5 $17) ({But not} 20... Qxc8 21. Qh5 $17) 21. Qh5 Rxc8 {[%cal Ba8c8,Bc8c6,Bc6a6][%mdl 32]} 22. Rad1 Rc6 23. Bf3 Qe8 24. Rd2 Qxh5 25. Bxh5 Ra6 26. Rg2 Kg7 ({Don't play} 26... Nxd3 27. h4 $19) 27. Rd1 (27. Rd2 {might work better.}) 27... f3 {Black is clearly winning.} 28. Rc2 (28. Rh2 $142) 28... Rf4 29. Rh2 Raf6 30. Rf1 Rh4 31. Be8 Nxd3 32. Bd7 Rxe4 {Precision: White = 28%, Black = 79%.} 0-1

[Event "EICC 2017"]
[Site "Minsk"]
[Date "2017.06.07"]
[Round "8"]
[White "Steinberg, Nitzan"]
[Black "Maliush, Andrei"]
[Result "1-0"]
[WhiteElo "2532"]
[BlackElo "2286"]
[Annotator "TA"]
[PlyCount "83"]
[EventDate "2017.??.??"]
[EventCountry "BLR"]
[SourceTitle "playchess.com"]
[Source "ChessBase"]
[SourceQuality "1"]

{[%evp 16,83,36,27,53,28,26,27,25,37,38,34,45,39,44,41,126,126,126,127,126,126,123,118,150,143,170,166,169,169,162,152,180,168,156,79,150,135,229,227,229,227,227,226,227,215,216,202,201,191,325,311,325,323,388,384,456,445,423,322,438,346,582,585,1012,993,1000,991,960,960]} 1. e4 d6 2. d4 Nf6 3. Nc3 e5 4. Nf3 Nbd7 5. Bc4 Be7 6. a4 O-O 7. O-O c6 8. h3 exd4 9. Qxd4 {LiveBook: 6 Games. C41: Philidor Defence} (9. Nxd4 Ne5 10. Ba2 Re8 11. f4 Ng6 12. Nf3 Bf8 13. Qd3 Be6 14. f5 Bxa2 15. fxg6 Be6 16. gxf7+ Bxf7 {1-0 (44) Stefansson,H (2602)-Hasangatin,R (2509) Berlin 2015}) 9... Qb6 10. Be3 Qxd4 11. Bxd4 {White has an edge.} b6 $146 ({Predecessor:} 11... Nc5 12. Rfe1 Ne6 13. Be3 Nd7 14. Nd4 Nxd4 15. Bxd4 b6 16. Rad1 a6 {0-1 (44) Kravshenko,K (2103)-Piskunov,A (2308) Abakan 2013}) 12. Rfe1 Bb7 13. Rad1 Rad8 14. Ba2 Ne8 15. Be3 $36 {[%mdl 2048] White is more active.} Ne5 (15... Nc7 $14) 16. Nxe5 $16 dxe5 17. Rxd8 Bxd8 18. Rd1 Nf6 {[#]} 19. Bg5 $1 a5 20. Bc4 h6 {[#]} 21. Bxf6 $1 gxf6 22. Rd7 Bc8 23. Rd6 Bb7 24. Kh2 Kg7 25. f3 (25. g4 $142) 25... h5 (25... f5 $142) 26. g3 c5 (26... b5 $16) 27. g4 $18 hxg4 28. hxg4 {[%cal Bh3g4,Bg4f5][%mdl 32]} Bc8 29. Kg2 Re8 30. Bb5 Rh8 31. Nd5 Be6 32. c4 {[%cal Bc2c4,Bc4d5,Bd5d6,Bd6d7][%mdl 32]} ({Don't do} 32. Nxb6 $6 Bc7 $16) 32... f5 (32... Kh6 $142 33. Bd7 (33. Nxb6 Bxb6 34. Rxb6 Rd8 $16) 33... Bxd5) 33. gxf5 Bxd5 34. cxd5 {[%mdl 4096] Endgame KRB-KRB} Bg5 35. Rxb6 Bf4 36. Bc4 Rh2+ 37. Kg1 Rd2 38. Kf1 Bg3 $2 (38... Bg5 39. d6 Rd1+ 40. Ke2 Rd2+ 41. Ke1 Bd8 42. Kxd2 Bxb6) 39. d6 {White is clearly winning.} Kf6 40. d7+ Ke7 41. Bb5 Bh4 42. Rb8 {Precision: White = 91%, Black = 35%.} 1-0

[Event "EICC 2017"]
[Site "Minsk"]
[Date "2017.06.07"]
[Round "8"]
[White "Ladva, Ottomar"]
[Black "Assaubayeva, Bibisara"]
[Result "1-0"]
[WhiteElo "2530"]
[BlackElo "2245"]
[Annotator "TA"]
[PlyCount "75"]
[EventDate "2017.??.??"]
[EventCountry "BLR"]
[SourceTitle "playchess.com"]
[Source "ChessBase"]
[SourceQuality "1"]

{[%evp 18,75,45,19,26,19,31,14,27,23,64,66,70,60,66,77,75,75,66,71,66,71,59,35,105,105,107,89,94,90,86,97,100,87,77,76,120,91,148,141,143,152,320,293,475,346,538,376,573,606,1170,1148,956,952,991,960,1251,597,29998,29999]} 1. Nf3 Nf6 2. g3 g6 3. Bg2 Bg7 4. d4 O-O 5. O-O d6 6. b3 c5 7. c4 Nc6 8. Bb2 cxd4 9. Nxd4 Qb6 10. Nc2 {LiveBook: 7 Games. E60: King's Indian: Unusual lines and Fianchetto Variation without Nc3} (10. e3 Bg4 11. Qd2 Rfc8 12. Nc3 Qa5 13. h3 Bd7 14. Rfd1 Rab8 15. Qe2 a6 16. a3 Qd8 17. Rac1 Nxd4 18. exd4 {½-½ (39) Khairullin,I (2652)-Pavlovic,M (2481) Berlin 2015}) 10... a5 11. Nc3 a4 12. Nb5 {White is slightly better.} Bd7 $146 ({Predecessor:} 12... h5 13. Ne3 Be6 14. Bc3 h4 15. Qc2 hxg3 16. hxg3 Rac8 17. Rad1 Qc5 {½-½ (45) Ivanov,P-Tringov,G Sofia 1955}) 13. Ne3 Ne5 14. Bd4 Qa5 15. Bxb7 Rab8 16. Bc3 Qb6 17. Bg2 Bxb5 18. cxb5 Qxb5 {[%cal Ra4b3]} 19. bxa4 Qa6 20. a5 Nfd7 (20... Rfc8 $14 21. Rc1 h5) 21. Rc1 $36 {[%mdl 2048] Keeping Black busy.} Nc5 22. Nd5 Nc6 23. Qd2 Bxc3 24. Qxc3 Qa7 25. Nf6+ exf6 26. Bxc6 Qa6 27. Bf3 Rb5 (27... f5 $142) 28. Qxf6 Rxa5 29. Rfd1 Rxa2 $2 (29... Nd7 $16 {is a better defense.} 30. Qe7 (30. Qxd6 Ne5 $16) 30... Ne5 31. Rxd6 Nxf3+ 32. exf3 Qa8) 30. Rxd6 $18 Qa7 $2 (30... Qa5 {keeps fighting.} 31. Bd5 Rxe2 32. Bxf7+ Rxf7 33. Rd8+ Qxd8 34. Qxd8+ Rf8) 31. Bd5 Ra5 (31... Ra6 $142 32. Kg2 Rxd6 33. Qxd6 Ne6 34. Bxe6 fxe6) 32. h4 Nd7 (32... Ra6 $142 33. Kf1 Rxd6 34. Qxd6 Ne6 35. Bxe6 fxe6 36. Qxe6+ Rf7) 33. Qe7 Ra1 34. Rxa1 Qxa1+ 35. Kg2 Ne5 36. Qf6 {And now f4 would win.} Qb2 {[#]} 37. Bxf7+ $1 {[%mdl 512]} Rxf7 (37... Nxf7 38. Qxb2) 38. Rd8+ {Precision: White = 73%, Black = 36%.} 1-0

[Event "EICC 2017"]
[Site "Minsk"]
[Date "2017.06.07"]
[Round "8"]
[White "Plat, Vojtech"]
[Black "Bluebaum, Matthias"]
[Result "0-1"]
[WhiteElo "2522"]
[BlackElo "2632"]
[Annotator "TA"]
[PlyCount "92"]
[EventDate "2017.??.??"]
[EventCountry "BLR"]
[SourceTitle "playchess.com"]
[Source "ChessBase"]
[SourceQuality "1"]

{[%evp 20,92,14,0,2,0,0,0,0,0,0,0,0,0,6,-16,-13,-30,-31,-67,-62,-62,-53,-71,-72,-59,-54,-69,-69,-86,-91,-88,-82,-105,-106,-123,-125,-138,-68,-99,-97,-108,-39,-51,-31,-24,-26,-30,0,-20,0,-39,-42,-73,-68,-68,-70,-68,-60,-104,-111,-131,-129,-127,-123,-179,-125,-125,-128,-163,-145,-202,-201,-691,-686]} 1. e4 e6 2. d4 d5 3. Nd2 c5 4. exd5 Qxd5 5. Ngf3 {[%cal Bg1f3,Bf3d4,Bd4f5][%mdl 32]} cxd4 6. Bc4 Qd7 {C07: French Tarrasch: 3...c5, 4 Ngf3 and 4 exd5 Qxd5} (6... Qd6 7. O-O Nf6 8. Nb3 Nc6 9. Nbxd4 Nxd4 10. Nxd4 a6 11. c3 Qc7 12. Bd3 Bd6 13. g3 h6 14. Qf3 Be5 15. Re1 Bd7 16. Qe3 Bxd4 17. Qxd4 Bc6 18. Bf4 Qd8 19. Be5 Qxd4 20. Bxd4 {1-0 (57) Karjakin,S (2783)-Meier,G (2630) chess.com INT 2017}) 7. O-O Nc6 8. Nb3 a6 9. Nbxd4 Nxd4 10. Nxd4 Qc7 11. Qe2 {LiveBook: 31 Games} Bd6 12. Nf5 Bxh2+ 13. Kh1 {aiming for f4.} Be5 14. Re1 g6 15. Qxe5 Qxe5 16. Rxe5 gxf5 {[#]} 17. Bd2 $146 (17. Bd5 $5) 17... Ne7 18. Bc3 Rg8 19. Re3 b5 20. Bf1 Nd5 21. Rh3 Nxc3 22. Rxc3 Bd7 23. Rd1 Ra7 24. Be2 Ke7 25. Rd4 e5 26. Re3 Kf6 27. Rd6+ {[#]} Be6 $1 28. Ra3 Rga8 (28... Rc8 $17 29. Rd2 b4) 29. c4 bxc4 30. Bxc4 a5 (30... Rc8 $17 31. b3 (31. Raxa6 $2 Rxa6 32. Bxa6 Rc2 $19) 31... a5) 31. Rh3 $1 $15 Ke7 32. Rc6 Kd7 33. Bb5 Ke7 34. Bc4 $1 ({Much weaker is} 34. Rxh7 Rb8 $17) 34... Kd7 35. Bb5 a4 36. Rxh7 Ra5 $36 {[%mdl 2048] Black is pushing.} 37. Rb6+ Ke7 38. Rh6 Bxa2 39. Rb7+ Kf8 40. Bd7 Kg7 41. Rh5 f4 42. Rg5+ {[#]} (42. Kh2 $17) 42... Kf8 (42... Kh6 $1 $19 {[%cal Rh6g5]} 43. Rf5 Kg6 44. Rb6+ Be6 45. Bxe6 Rh8+ 46. Kg1 fxe6) 43. Bc6 Rd8 44. Bf3 Be6 45. Bh5 (45. Kh2 $17 {was necessary.}) 45... Rad5 $19 {Hoping for ...e4.} 46. Bf3 $2 {[#]} (46. Be2) 46... e4 $1 {[%mdl 512] Precision: White = 37%, Black = 77%.} 0-1

[Event "EICC 2017"]
[Site "Minsk"]
[Date "2017.06.07"]
[Round "8"]
[White "Martirosyan, Haik M"]
[Black "Neiksans, Arturs"]
[Result "1/2-1/2"]
[WhiteElo "2516"]
[BlackElo "2599"]
[Annotator "TA"]
[PlyCount "151"]
[EventDate "2017.??.??"]
[EventCountry "BLR"]
[SourceTitle "playchess.com"]
[Source "ChessBase"]
[SourceQuality "1"]

{[%evp 21,151,0,0,0,21,23,26,17,16,16,16,12,16,16,14,14,13,25,15,-2,0,-43,-39,-50,-45,-49,-10,-12,-11,-34,-25,-25,37,56,43,27,62,37,73,56,83,24,25,33,47,38,89,42,82,68,85,84,145,155,151,147,196,181,379,378,363,379,352,349,284,273,637,617,597,587,799,641,689,437,406,434,447,434,818,501,460,425,405,155,162,0,405,389,604,589,444,575,291,262,522,193,397,394,259,0,0,0,0,0,0,0,0,0,0,0,0,0,0,0,0,0,0,0,0,0,0,0,0,0,0,0,0,0,0,0,0,0]} 1. d4 Nf6 2. c4 e6 3. Nf3 b6 4. g3 Ba6 5. Qa4 Bb7 6. Bg2 c5 7. dxc5 bxc5 8. O-O Be7 9. Rd1 O-O 10. Nc3 Qb6 11. Bf4 Rd8 12. Rd2 {E15: Queen's Indian: 4 g3 sidelines, 4 g3 Ba6 and 4 g3 Bb7 early deviations} (12. Rab1 Nc6 13. Bd6 Bxd6 14. Rxd6 Ne8 15. Rd2 Nf6 16. Rbd1 Rab8 17. b3 a6 18. Qa3 Nb4 19. Qc1 d6 {1-0 (54) Mamedyarov,S (2747)-Navara,D (2734) Huaian 2016}) 12... d6 13. Rad1 a6 14. h3 {White has an edge.} h6 15. g4 Qc7 16. Bg3 Nc6 17. Qc2 $146 ({Predecessor:} 17. Ne1 Rd7 18. Nd3 Nd4 19. Bxb7 Qxb7 {½-½ (43) Gilbert,C (2316)-Schueppel,R (2459) ICCF email 2012}) 17... Rac8 18. b3 Rd7 19. Qb1 Rcd8 20. e4 Nh7 21. Na4 (21. e5 $5 dxe5 22. Nxe5 (22. Rxd7 Rxd7 23. Rxd7 Qxd7 $11) 22... Rxd2 23. Nxc6 Rxd1+ 24. Nxd1 Qxc6 25. Bxc6 Bxc6 26. Bf4 $11) 21... e5 $1 22. h4 Nd4 23. Nc3 Nf8 24. Nxd4 cxd4 25. Nd5 Bxd5 26. exd5 Ng6 (26... Re8 $11) 27. h5 $14 Nf8 28. f4 Bf6 29. Qf5 exf4 30. Bxf4 Be5 31. g5 ({Better is} 31. Bxe5 $16 dxe5 32. Be4) 31... Bxf4 $11 32. Qxf4 hxg5 33. Qxg5 Nh7 ({Black should try} 33... Re8 $14) 34. Qh4 Re7 35. h6 g6 36. Qxd4 {[%csl Gh6][%cal Rd4g7]} Re5 (36... f5 $142) 37. Re2 $1 $40 {[%cal Re2e5][%mdl 128] Black is in trouble.} Rde8 38. Rde1 Nf6 39. b4 Kh7 $2 ({And not} 39... Rxe2 40. Qxf6 Qb6+ 41. c5 $1 {[%mdl 512]} Rxe1+ 42. Kh2 Kf8 43. h7 Rh1+ 44. Bxh1 Re2+ 45. Bg2 Rxg2+ 46. Kxg2 Ke8 47. h8=Q+ Kd7 48. Qxf7#) (39... Nd7 {keeps fighting.} 40. c5 f6) 40. Rxe5 $18 dxe5 41. Qh4 Nh5 42. c5 Nf4 43. Qf6 {[%csl Gh6][%cal Rf6g7]} Kxh6 $2 (43... Nh5 44. d6 Qd7) 44. Bf3 Qb8 45. Re4 Qc8 46. Rxe5 Nh3+ 47. Kg2 {[%csl Gf3][%cal Re5h5]} Rxe5 48. Qxe5 Ng5 49. Qf4 f6 (49... Qh3+ $142 50. Kf2 f6) 50. c6 Qh3+ 51. Kf2 Kg7 52. Qc7+ $2 (52. Bg2 $18 {is more deadly.} Qc3 53. c7) 52... Kh6 $16 {[#]} 53. Qf4 $2 (53. Qg3 $1 {[%cal Rg3h3]} Qf5 54. Qg4) 53... Kg7 $18 54. Bg2 Qc3 55. c7 Nf7 {Black wants to play ...Ne5.} 56. d6 Qc2+ 57. Ke1 {d7 is the strong threat.} Qc3+ $2 (57... Qb1+ 58. Kf2 Qc2+ 59. Kg3 Qd3+ 60. Bf3 g5) 58. Qd2 $2 (58. Kd1 {Threatens to win with d7.} Qa1+ 59. Qc1 Qd4+ 60. Qd2 Qa1+ 61. Ke2 Qe5+ 62. Qe3 Qb5+ 63. Kf2 Qf5+ 64. Kg1) 58... Qg3+ $2 (58... Qe5+ 59. Qe2 Qg3+ 60. Kf1 Qf4+ 61. Bf3 Nxd6 62. Qe7+ Kh6) 59. Kf1 Nxd6 60. c8=Q $2 (60. Qd4 $18) 60... Nxc8 $11 {The position is equal.} 61. Qd7+ Kh6 62. Qxc8 {Strongly threatening Qh3+.} Qd3+ 63. Kg1 Qd4+ 64. Kf1 {Hoping for Qc1+.} Qd3+ 65. Kf2 Qd4+ 66. Ke2 {And now Qf8+ would win.} Qb2+ 67. Kf3 Qa3+ 68. Ke4 {aiming for Qh3+.} (68. Kf4 $5 {[%cal Rc8h8]} Qxb4+ 69. Kg3 $11) 68... f5+ 69. Kf4 {[%cal Rc8h8]} Qxb4+ 70. Kg3 Qd6+ 71. Kh3 {Qh8+ would kill now.} Qd3+ 72. Kh2 Qd6+ 73. Kh1 Qd1+ 74. Kh2 Qd6+ 75. Kg1 Qd4+ 76. Kh2 {Precision: White = 59%, Black = 46%.} 1/2-1/2

[Event "EICC 2017"]
[Site "Minsk"]
[Date "2017.06.07"]
[Round "8"]
[White "Esipenko, Andrey"]
[Black "Solak, Dragan"]
[Result "1-0"]
[WhiteElo "2509"]
[BlackElo "2641"]
[Annotator "TA"]
[PlyCount "65"]
[EventDate "2017.??.??"]
[EventCountry "BLR"]
[SourceTitle "playchess.com"]
[Source "ChessBase"]
[SourceQuality "1"]

{[%evp 30,65,0,0,3,0,-6,0,0,0,56,0,142,144,151,129,131,131,202,185,177,198,184,199,320,254,455,457,499,487,593,561,688,709,701,701,682,668]} 1. d4 d5 2. c4 c6 3. Nf3 Nf6 4. Nc3 dxc4 5. a4 Bf5 6. Nh4 Bc8 7. Nf3 Bf5 8. Nh4 e6 9. Nxf5 exf5 10. e3 Bb4 11. Bxc4 O-O 12. O-O Nbd7 13. Qc2 g6 14. f3 Rc8 {D18: Slav Defence: 5 a4 Bf5 6 e3} (14... Nb6 15. Ba2 Re8 16. Qf2 Nbd5 17. Bd2 Qa5 18. Rac1 Bxc3 19. bxc3 Qxa4 20. Bb1 Re6 21. e4 Rae8 22. Bd3 {1-0 (39) Moiseenko,A (2648)-Gharamian,T (2626) Bastia 2016}) 15. Kh1 c5 16. Ba2 {LiveBook: 33 Games} Kg7 {The position is equal.} 17. Qf2 cxd4 18. exd4 Nb6 19. d5 Bc5 $146 (19... Re8 $11) ({Predecessor:} 19... Re8 20. Be3 Bxc3 21. bxc3 Nbxd5 22. Bxa7 Nxc3 {½-½ (35) Banusz,T (2514)-Varga,Z (2486) Harkany 2009}) 20. Qd2 (20. Qh4 $1 $14) 20... Ng8 (20... Nbd7 $11 {keeps the balance.}) 21. a5 $16 Nd7 {[#]} 22. b4 $1 {[%cal Rb4c5][%mdl 512]} Bd6 (22... Bxb4 23. Qd4+) 23. Bb2 a6 (23... Be5 $16 24. f4 Bf6) 24. Ne4+ $18 Be5 {[#]} 25. Bxe5+ $1 Nxe5 {[#]} 26. Nc5 $1 Rb8 (26... Nf6 {was worth a try.} 27. Nxb7 Qe7) 27. Rfe1 Nd7 $2 (27... Qf6 28. f4 Ng4) 28. d6 {White is clearly winning.} Nxc5 29. bxc5 Qf6 30. Rab1 Rfd8 31. Bd5 Rd7 32. Qb4 Qd8 {[#]} 33. Bc6 $1 {[%mdl 512] Precision: White = 78%, Black = 36%.} 1-0